Statistics for Turkic Empires

Click here to take the quiz!

General Stats

  • This quiz has been taken 435 times
  • The average score is 6 of 14

Answer Stats

PeriodDescriptionAnswer% Correct
375 CE - 469 CEShort lived empire led by Attila that ravaged much of EuropeHunnic Empire
87%
1299 CE -1922 CE"The Turkish Empire"Ottoman Empire
85%
1526 CE - 1858 CERulers of the Indian Subcontinent for over Three Hundred Years; known for the construction of the Taj MahalMughal Empire
63%
1236 CE - 1502 CEWhat became of the Western Mongol EmpireGolden Horde
55%
1368 CE - 1501 CEEmpire led by a ruthless Central Asian warlord that stretched from Anatolia to IndiaTimurid Empire
52%
1040 CE - 1157 CEEmpire responsible for bringing Turkic culture Into Anatolia and MesopotamiaSeljuk Empire
47%
744 CE - 847 CESuccessors over the eastern part of Number; it's people still consist one of the largest minority groups in ChinaUyghur Khaganate
42%
3rd Century BCE - 1st Century BCEConfederation of East Asian steppe nomads that were a constant threat to Imperial ChinaXiongnu Empire
34%
651 CE - 983 CEOnly empire in history to convert to Judaism; covered Southern Russia and the CaucasusKhazar Khaganate
33%
552 CE - 745 CEOften referred to as the "First Turkic Empire"; stretching from the Black Sea to ManchuriaGöktürk Khaganate
32%
681 CE - 1018 CEEmpire founded along the Danube Delta by a prince fleeing from the aboveFirst Bulgarian Empire
26%
390 CE - 577 CERelatives of the above that devastated Sassanid Persia and IndiaImperial Hephthalites
18%
565 CE - 835 CESuccessors of Number Two; famous for their campaigns against the ByzantinesAvar Khaganate
17%
962 CE - 1186 CEEmpire founded by a former slave that covered Persia and IndiaGhaznavid Empire
15%

Score Distribution

Percentile by Number Answered

Percent of People with Each Score

Your Score History

You have not taken this quiz